00871cam 2200277 i 4500001000800000005001700008008004100025035002100066906004500087010001700132020002500149040001800174043001200192050002000204082001200224100002800236245007700264260004200341300004100383504002600424500002000450650001300470650001400483991005900497099003700556228185119980805143444.4791116s1980 ctua b 001 0 eng  9(DLC) 79025121 a7bcbccorignewd1eocipf19gy-gencatlg a 79025121  a0899190057 :c$25.00 aDLCcDLCdDLC aev-----00aDL65b.G63 198000a948/.022 aGraham-Campbell, James.14aThe Viking world /cJames Graham-Campbell ; foreword by David M. Wilson. aNew Haven :bTicknor & Fields,c1980. a220 p. :bill. (some col.) ;c29 cm. aBibliography: p. 214. aIncludes index. 0aVikings. 0aNorthmen. bc-GenCollhDL65i.G63 1980p00008239526tCopy 1wBOOKS agrahamcampbell-viking-1074961437